| 000 | 00701cam a2200217 4500 | ||
|---|---|---|---|
| 001 | WB3632-09 | ||
| 008 | 000000n2000 000 0 eng u | ||
| 035 | _a(Sirsi) u107788 | ||
| 245 | _aMaking use of assets in a buyout | ||
| 260 | _c2000 | ||
| 490 |
_aYorkshire Post _v11 August 2000, B.7(1) |
||
| 520 | _aDiscusses how the involvement of a property and plant and machinery adviser can save time and money when planning corporate transactions. | ||
| 590 | _aWB | ||
| 650 | _aCORPORATE PROPERTY | ||
| 650 | _aPROPERTY ADVICE | ||
| 650 | _aPLANT AND MACHINERY | ||
| 650 |
_aValuation _96273 |
||
| 650 | _aMERGERS AND ACQUISITIONS | ||
| 690 | _aMANAGEMENT-BUSINESS MANAGEMENT | ||
| 942 | _n0 | ||
| 999 |
_c64382 _d64382 |
||